000 00561nam a22001937a 4500
999 _c171609
_d171609
005 20200116121832.0
010 _aA-521113
020 _c75.00
035 _aA-521113
037 _bBPPD/Pub.
082 _a080
100 _aہاسنا مر زبان
245 _aاردو ادب کی باز یانت /
_cہاسنا مر زبان
246 _aUrdu Adab Ki Bazyafat (Urdu)
260 _bMaktaba Jamia
_aNew Delhi
_c1987 ء
270 _aJamia Nagar
_bNew Delhi
_e110025
300 _a906p.
_c22cm(Hb)
942 _2ddc
_cUR
_h080
_mز ب ا